LIBRARY & INFORMATION CENTRE, KCAET, TAVANUR

ONLINE PUBLIC ACCESS CATALOGUE (OPAC)

Technological parameters in agricultural production function / (Record no. 9454)

MARC details
000 -LEADER
fixed length control field 00501cam a2200181ua 4500
020 ## - INTERNATIONAL STANDARD BOOK NUMBER
ISBN 81 7024 026 3
041 ## - LANGUAGE CODE
Language code of text/sound track or separate title eng
082 ## - DEWEY DECIMAL CLASSIFICATION NUMBER
Classification number 631
Item number SIT/TE
100 ## - MAIN ENTRY--AUTHOR NAME
Personal name Sita Ram, Singh .
245 ## - TITLE STATEMENT
Title Technological parameters in agricultural production function /
250 ## - EDITION STATEMENT
Edition statement 1 /
260 ## - PUBLICATION, DISTRIBUTION, ETC. (IMPRINT)
Place of publication New Delhi :
Name of publisher Ashish Publishing House ,
Year of publication 1986.
300 ## - PHYSICAL DESCRIPTION
Number of Pages 155 ; .
942 ## - ADDED ENTRY ELEMENTS (KOHA)
Koha item type Books
Holdings
Withdrawn status Lost status Damaged status Home library Current library Date acquired Full call number Accession Number Koha item type
      KAUAET KAUAET 09/03/1987 631 16068 Books
free website counter